Normal view
MARC view
Entry Personal Name
001 - CONTROL NUMBER
- control field: 261738
003 - CONTROL NUMBER IDENTIFIER
- control field: OSt
005 - DATE AND TIME OF LATEST TRANSACTION
- control field: 20260416091925.0
008 - FIXED-LENGTH DATA ELEMENTS
- fixed length control field: 260416|| aca||aabn | a|a d
040 ## - CATALOGING SOURCE
- Original cataloging agency: OSt
- Transcribing agency: OSt
100 ## - HEADING--PERSONAL NAME
- Personal name: ADIDEVANANDA (Svami).
- Dates associated with a name: स्वामी आदिदेवानन्द
670 ## - SOURCE DATA FOUND
- Source citation: Work cat.: (OSt)86216: ADIDEVANANDA (Svami). स्वामी आदिदेवानन्द, Taittiriyopanishatt., 1976